logo

Bir Sreshtho Munshi Abdur Rouf Library
Jhenaidah Cadet College

সাহাবীদের সাথে ৩৬৫ দিন / (Record no. 12417)

MARC details
000 -LEADER
fixed length control field 01105nam a2200253 a 4500
001 - CONTROL NUMBER
JCCL Control Number 12417
003 - CONTROL NUMBER IDENTIFIER
JCCL marc code BD-JhCC
005 - DATE AND TIME OF LATEST TRANSACTION
control field 20220213123658.0
008 - FIXED-LENGTH DATA ELEMENTS--GENERAL INFORMATION
fixed length control field 220213b20192021bg a|||| ||a| 000 0 ben d
035 ## - SYSTEM CONTROL NUMBER
system control number (BD-JhCC)12417
040 ## - CATALOGING SOURCE
Original cataloging agency BD-JhCC
Modifying agency BD-JhCC
041 ## - LANGUAGE CODE
Language code of Book Bengali
082 ## - DEWEY DECIMAL CLASSIFICATION NUMBER
Classification number 297.1222
Author mark and Year PAR 2021
100 ## - MAIN ENTRY--PERSONAL NAME
Personal name পারওয়েজ, মুুুুুুুুুুহাম্মদ খালিদ
245 ## - TITLE STATEMENT
Title সাহাবীদের সাথে ৩৬৫ দিন /
Statement of responsibility, etc মুুুুুুুুুুহাম্মদ খালিদ পারওয়েজ, অনু ও সম্পা: ড. ইকবাল কবীর মোহন,মুহাম্মদ ‍সিরাজুল ইসলাম।
260 ## - PUBLICATION, DISTRIBUTION, ETC. (IMPRINT)
Place of publication, distribution, etc ঢাকা :
Name of publisher, distributor, etc শিশু কানন;
Date of publication, distribution, etc ২০২১.
300 ## - PHYSICAL DESCRIPTION
Pagination 231 p. :
Other physical details ill;
Dimensions 26 cm.
650 ## - SUBJECT ADDED ENTRY--TOPICAL TERM
Topical term or geographic name as entry element Islamic stories
650 ## - SUBJECT ADDED ENTRY--TOPICAL TERM
Topical term or geographic name as entry element Children stories(islam)
700 ## - ADDED ENTRY--PERSONAL NAME
Personal name মোহন, ড. ইকবাল কবীর
700 ## - ADDED ENTRY--PERSONAL NAME
Personal name ইসলাম,মুহাম্মদ ‍সিরাজুল
942 ## - ADDED ENTRY ELEMENTS (KOHA)
Source of classification or shelving scheme Dewey Decimal Classification
Koha item type Books
Holdings
Source of classification or shelving scheme Damaged status Not for loan Home library Current library Shelving location Date of accession Cost, normal purchase price Total Checkouts Full call number Barcode Date last seen Copy number Koha item type Date checked out Method of acquisition Currency
Dewey Decimal Classification     JCC Rouf Library JCC Rouf Library General Stacks 06/14/2021 245.00   297.1222 PAR 2021 16946 02/13/2022 C-1 Books      
Dewey Decimal Classification     JCC Rouf Library JCC Rouf Library General Stacks   350.00 1 297.1222 PAR 2021 18372 05/24/2025 C-2 Books 01/08/2025 Purchase BDT

JCC Library | Contacts | JCC Home

Last Update on 23 September 2017
Copyright @ 2017-2020 JCC Rouf Library
Rouf Library, Jhenidah Cadet College (JCC), Bangladesh